| 000 | 00736nam a22002417a 4500 | ||
|---|---|---|---|
| 003 | OSt | ||
| 005 | 20251128173405.0 | ||
| 008 | 251128b |||||||| |||| 00| 0 eng d | ||
| 020 | _a0-446-61483-1 | ||
| 040 |
_aDWC-Main Lib. _cOC |
||
| 082 | _aFic. P317t 2004 | ||
| 100 | _aPatterson, James | ||
| 245 |
_a3rd degree/ _cJames Patterson |
||
| 260 |
_an.Y. : _bGrand Central Pub. , _cc2004. |
||
| 300 |
_a360 p. ; _c17 cm. |
||
| 650 | _a1. Female friendship-fiction. | ||
| 650 | _a2. San Francisco (Calif.)-Fiction. | ||
| 650 | _a3. Terrorism-Fiction. | ||
| 650 | _a4. Women detectives-California-San Francisco-Fiction. | ||
| 650 | _a5. Women in the professions-Fiction. | ||
| 700 | _aGross, Andew | ||
| 942 |
_2ddc _cFIC. _kFic. _n0 |
||
| 999 |
_c6580 _d6580 |
||